Every Country to win an Olympic Medal: Weightlifting - Statistics

General Stats
  • This quiz has been taken 20 times
    11 since last reset
  • The average score is 52 of 70
Answer Stats
# of Medals Country % Correct
4 Australia
100%
9 Austria
100%
6 Canada
100%
67 China
100%
11 Colombia
100%
15 France
100%
8 Georgia
100%
22 Germany
100%
9 Great Britain
100%
15 Greece
100%
20 Iran
100%
1 Iraq
100%
18 Italy
100%
15 Japan
100%
11 Kazakhstan
100%
4 Mexico
100%
12 Romania
100%
17 Russia
100%
62 Soviet Union
100%
3 Spain
100%
11 Turkey
100%
5 Ukraine
100%
46 USA
100%
2 Argentina
83%
7 Armenia
83%
39 Bulgaria
83%
8 Cuba
83%
15 Egypt
83%
3 Finland
83%
20 Hungary
83%
2 India
83%
16 Indonesia
83%
18 North Korea
83%
2 Norway
83%
34 Poland
83%
17 South Korea
83%
4 Sweden
83%
8 Belarus
67%
4 Belgium
67%
7 Estonia
67%
3 Latvia
67%
1 Lithuania
67%
2 Nigeria
67%
2 Philippines
67%
2 Qatar
67%
1 Syria
67%
17 Thailand
67%
4 Uzbekistan
67%
3 Venezuela
67%
2 Vietnam
67%
1 Cameroon
50%
2 Croatia
50%
8 Czechoslovakia
50%
3 Denmark
50%
2 Dominican Republic
50%
11 East Germany
50%
4 Ecuador
50%
1 Lebanon
50%
3 Netherlands
50%
4 Switzerland
50%
3 Trinidad and Tobago
50%
1 Turkmenistan
50%
7 West Germany
50%
1 Bahrain
33%
11 Chinese Taipei
33%
1 Individual Neutral Athletes
33%
1 Luxembourg
33%
1 Samoa
33%
1 Singapore
33%
9 Unified Team
33%
No matching quizzes found
Score Distribution
Percent of People with Each Score
Percentile by Number Answered
Your Score History
You have not taken this quiz since the last reset